[Event "3. Memorial Oliver Gonzalez 2012 - B"]
[Site "Madrid ESP"]
[Date "2012.09.04"]
[Round "4.29"]
[White "Zhynguel Ramirez De Verger, Al"]
[Black "Peñaranda Grilo, Juan Carlos"]
[Result "1/2-1/2"]
[WhiteElo "1704"]
[BlackElo "1900"]
[PlyCount "86"]
[EventDate "2012.09.01"]
[EventType "swiss"]
[EventRounds "9"]
[EventCountry "ESP"]
[Source "lmi"]
[SourceDate "2012.09.01"]

1. d4 d5 2. Bf4 Nf6 3. e3 e6 4. Nf3 c5 5. c3 Nc6 6. Nbd2 Bd7 7. Bd3 Qb6 8. Rb1
Rc8 9. O-O Be7 10. Ne5 Qd8 11. Bg3 O-O 12. f4 g6 13. Bh4 cxd4 14. exd4 a6 15.
Rf3 Nh5 16. Bxe7 Qxe7 17. Nxd7 Qxd7 18. g4 Ng7 19. h3 f5 20. g5 Nh5 21. Be2 Qd6
22. Qf1 b5 23. a3 Na5 24. Kg2 Nc4 25. Nxc4 bxc4 26. Rf2 Ng7 27. Bd1 Ne8 28. Qe1
Rf7 29. Qe5 Qxe5 30. dxe5 Rb7 31. Kf3 Rcb8 32. Ke3 Nc7 33. Ba4 a5 34. Kd4 Na6
35. b4 cxb3 36. Rfb2 Kf7 37. Rxb3 Rxb3 38. Rxb3 Rc8 39. Rb7+ Kf8 40. Bb5 Nc5
41. Rxh7 Nb3+ 42. Kd3 Nc5+ 43. Kd4 Nb3+ 1/2-1/2

[Event "3. Memorial Oliver Gonzalez 2012 - B"]
[Site "Madrid ESP"]
[Date "2012.09.04"]
[Round "4.30"]
[White "Santamaria Baeza, Adolfo"]
[Black "Titeiu, Melania"]
[Result "1-0"]
[WhiteElo "1897"]
[BlackElo "1695"]
[PlyCount "51"]
[EventDate "2012.09.01"]
[EventType "swiss"]
[EventRounds "9"]
[EventCountry "ESP"]
[Source "lmi"]
[SourceDate "2012.09.01"]

1. e4 c5 2. Nf3 g6 3. d4 cxd4 4. Qxd4 Nf6 5. e5 Nc6 6. Qh4 Nd5 7. Bc4 e6 8. Bg5
Qa5+ 9. c3 Bg7 10. b4 Ndxb4 11. cxb4 Qxb4+ 12. Nbd2 Nxe5 13. Nxe5 Bxe5 14. Rb1
Qc3 15. O-O f6 16. Bh6 Qd4 17. Qxd4 Bxd4 18. Nf3 g5 19. Nxd4 Rg8 20. Nf5 d5 21.
Bb5+ Kf7 22. Nd6+ Ke7 23. Nxc8+ Raxc8 24. Bd3 b6 25. h4 Rc3 26. Rb3 1-0

[Event "3. Memorial Oliver Gonzalez 2012 - B"]
[Site "Madrid ESP"]
[Date "2012.09.04"]
[Round "4.31"]
[White "Barragan Panal, Juan Jose"]
[Black "Martinez Hernandez, Noemi"]
[Result "1/2-1/2"]
[WhiteElo "1649"]
[BlackElo "1893"]
[PlyCount "72"]
[EventDate "2012.09.01"]
[EventType "swiss"]
[EventRounds "9"]
[EventCountry "ESP"]
[Source "lmi"]
[SourceDate "2012.09.01"]

1. Nf3 d5 2. c4 e6 3. g3 c6 4. cxd5 exd5 5. d4 Bd6 6. Bg2 f5 7. Bg5 Nf6 8. Ne5
O-O 9. Nc3 Qe8 10. Nd3 Ne4 11. Bf4 Qe7 12. Bxd6 Qxd6 13. f3 Ng5 14. Qd2 Ne6 15.
Nf4 Na6 16. Nxe6 Bxe6 17. a3 Rad8 18. Qf4 Qxf4 19. gxf4 Nc7 20. Kf2 Bc8 21. e3
Ne8 22. Bf1 Nd6 23. b3 Rfe8 24. Bd3 Re7 25. Rae1 Rde8 26. Re2 b6 27. Rhe1 Kf7
28. e4 fxe4 29. fxe4 Nxe4+ 30. Nxe4 dxe4 31. Bxe4 Bd7 32. Bd3 Rxe2+ 33. Rxe2
Be6 34. b4 Rd8 35. Ke3 h6 36. Rc2 Bd5 1/2-1/2

[Event "3. Memorial Oliver Gonzalez 2012 - B"]
[Site "Madrid ESP"]
[Date "2012.09.04"]
[Round "4.32"]
[White "Sanchez Lopez, Maria"]
[Black "Martinez Martinez, Antonio"]
[Result "1-0"]
[WhiteElo "1873"]
[BlackElo "1667"]
[PlyCount "63"]
[EventDate "2012.09.01"]
[EventType "swiss"]
[EventRounds "9"]
[EventCountry "ESP"]
[Source "lmi"]
[SourceDate "2012.09.01"]

1. d4 g6 2. e4 d6 3. Nf3 c6 4. Nc3 Bg7 5. Bc4 Nf6 6. O-O b5 7. Bd3 b4 8. Ne2
O-O 9. h3 h6 10. c3 a5 11. Bf4 Bb7 12. Ng3 g5 13. Bd2 Ba6 14. c4 e6 15. Re1
Nbd7 16. e5 dxe5 17. dxe5 Ne8 18. Qe2 Nb6 19. Qe4 f5 20. exf6 Nxf6 21. Qxe6+
Kh8 22. Ne5 Qe8 23. Qf5 Kg8 24. Ng6 Qd8 25. Ne7+ Kh8 26. Ng6+ Kg8 27. Nxf8 Kxf8
28. b3 Kg8 29. Rad1 Qd6 30. Qg6 Rd8 31. Nf5 Qxd3 32. Qxg7# 1-0

[Event "3. Memorial Oliver Gonzalez 2012 - B"]
[Site "Madrid ESP"]
[Date "2012.09.04"]
[Round "4.33"]
[White "Dominguez Alfara, Miguel"]
[Black "Hernandez Ramos, David"]
[Result "0-1"]
[WhiteElo "1828"]
[BlackElo "1661"]
[PlyCount "66"]
[EventDate "2012.09.01"]
[EventType "swiss"]
[EventRounds "9"]
[EventCountry "ESP"]
[Source "lmi"]
[SourceDate "2012.09.01"]

1. d4 Nf6 2. Nf3 e6 3. e3 b6 4. c4 Bb7 5. Be2 d5 6. Nbd2 Nbd7 7. b3 Be7 8. Bb2
O-O 9. O-O Rc8 10. Ne5 Nxe5 11. dxe5 Nd7 12. f4 Bc5 13. Bd4 Qe7 14. Bd3 Rfd8
15. Qg4 dxc4 16. Nxc4 g6 17. Rf2 Kh8 18. h4 Nf8 19. Bxc5 Qxc5 20. Qe2 Rd7 21.
Rc1 b5 22. h5 bxc4 23. Rxc4 Qe7 24. Ra4 Ra8 25. e4 Qh4 26. hxg6 Nxg6 27. f5
Nxe5 28. Qb2 f6 29. Bb5 c6 30. Bc4 Nxc4 31. bxc4 e5 32. c5 Rg8 33. Rd2 Qe1+ 0-1

[Event "3. Memorial Oliver Gonzalez 2012 - B"]
[Site "Madrid ESP"]
[Date "2012.09.04"]
[Round "4.34"]
[White "Hernanz Villaoslada, Javier"]
[Black "Alvarez Escudero, Manuel"]
[Result "1-0"]
[WhiteElo "1658"]
[BlackElo "1826"]
[PlyCount "63"]
[EventDate "2012.09.01"]
[EventType "swiss"]
[EventRounds "9"]
[EventCountry "ESP"]
[Source "lmi"]
[SourceDate "2012.09.01"]

1. d4 d5 2. c4 c6 3. cxd5 Qxd5 4. Nc3 Qd8 5. e4 Nf6 6. Nf3 Bg4 7. Be2 e6 8. O-O
Be7 9. Be3 O-O 10. Qb3 Qc7 11. Rac1 b6 12. e5 Nd5 13. Nxd5 exd5 14. Qxd5 Be6
15. Qe4 Bxa2 16. d5 Bc5 17. d6 Qb7 18. Bd3 g6 19. Bh6 Re8 20. Qf4 Nd7 21. b4
Bxb4 22. Qxb4 Nxe5 23. Nxe5 Rxe5 24. Qb2 f6 25. Qxa2+ Kh8 26. Bf4 Ra5 27. Qe6
Kg7 28. Be4 Qf7 29. Qxf7+ Kxf7 30. Rxc6 Rd8 31. Rc7+ Ke6 32. Re7# 1-0

[Event "3. Memorial Oliver Gonzalez 2012 - B"]
[Site "Madrid ESP"]
[Date "2012.09.04"]
[Round "4.35"]
[White "Martinez Montalvo, Eduardo"]
[Black "Lianes Garcia, Marcos"]
[Result "1/2-1/2"]
[WhiteElo "1825"]
[BlackElo "1627"]
[PlyCount "81"]
[EventDate "2012.09.01"]
[EventType "swiss"]
[EventRounds "9"]
[EventCountry "ESP"]
[Source "lmi"]
[SourceDate "2012.09.01"]

1. e4 e5 2. Nf3 Nc6 3. d4 exd4 4. Bc4 Nf6 5. e5 d5 6. exf6 dxc4 7. O-O gxf6 8.
Qe2+ Be6 9. b3 d3 10. cxd3 Qxd3 11. Qxd3 cxd3 12. Bb2 Be7 13. Nbd2 Rg8 14. Rfe1
O-O-O 15. Ne4 Rg6 16. Re3 f5 17. Ned2 Bc5 18. Ree1 Nb4 19. Rac1 Nc2 20. Red1
Rgg8 21. Ne5 f6 22. Nxd3 Rxd3 23. Rxc2 Be7 24. Rdc1 c6 25. Kf1 Rdd8 26. Re1 Kd7
27. Nf3 Bd5 28. Rce2 Be4 29. Rd2+ Kc8 30. Red1 Rxd2 31. Rxd2 Rd8 32. Rxd8+ Kxd8
33. Nd4 Kd7 34. f3 Bd3+ 35. Ke1 Bb4+ 36. Kf2 Bc5 37. Kg3 b6 38. f4 Bxd4 39.
Bxd4 Ke6 40. Kh4 Be2 41. b4 1/2-1/2

[Event "3. Memorial Oliver Gonzalez 2012 - B"]
[Site "Madrid ESP"]
[Date "2012.09.04"]
[Round "4.36"]
[White "Ore Leon, Gustavo"]
[Black "Folgar Lopez, Angel"]
[Result "1-0"]
[WhiteElo "1812"]
[BlackElo "1622"]
[PlyCount "67"]
[EventDate "2012.09.01"]
[EventType "swiss"]
[EventRounds "9"]
[EventCountry "ESP"]
[Source "lmi"]
[SourceDate "2012.09.01"]

1. e4 d6 2. g3 g6 3. Bg2 Bg7 4. d3 Nf6 5. Nd2 Bg4 6. Ngf3 O-O 7. h3 Bxf3 8.
Nxf3 e5 9. c3 Nbd7 10. O-O c6 11. Bg5 Re8 12. Qd2 Qb6 13. a4 a5 14. Be3 Qc7 15.
Nh2 Nc5 16. Qc2 Ne6 17. Ng4 Nxg4 18. hxg4 Qe7 19. Qd2 f6 20. Bf3 g5 21. Bd1 Kf8
22. Kg2 h6 23. f3 Kf7 24. Bb3 Kg6 25. Qf2 Rh8 26. Rh1 Rh7 27. Bc2 c5 28. Rad1
Rah8 29. Rh5 Bf8 30. f4 Ng7 31. fxe5 Nxh5 32. gxh5+ Kxh5 33. Qf5 Qxe5 34. Rh1#
1-0

[Event "3. Memorial Oliver Gonzalez 2012 - B"]
[Site "Madrid ESP"]
[Date "2012.09.04"]
[Round "4.37"]
[White "Palenciano Escolar, Adrian"]
[Black "Diaz Begonte, Manuel"]
[Result "1/2-1/2"]
[WhiteElo "1640"]
[BlackElo "1776"]
[PlyCount "117"]
[EventDate "2012.09.01"]
[EventType "swiss"]
[EventRounds "9"]
[EventCountry "ESP"]
[Source "lmi"]
[SourceDate "2012.09.01"]

1. e4 c6 2. d4 d5 3. Nc3 dxe4 4. Nxe4 Nd7 5. Ng5 Ngf6 6. Bc4 e6 7. Qe2 Nb6 8.
Bd3 Nbd5 9. c3 h6 10. Ne4 Nxe4 11. Qxe4 Nf6 12. Qe2 Bd6 13. Nf3 Qc7 14. O-O O-O
15. Re1 c5 16. dxc5 Bxc5 17. b4 Bd6 18. Bd2 b6 19. h3 Bb7 20. Nd4 Rad8 21. Rad1
Bxb4 22. cxb4 Rxd4 23. Bc1 Be4 24. Bxe4 Rxe4 25. Qf3 Qe5 26. Rxe4 Qxe4 27. Qxe4
Nxe4 28. Rd7 a5 29. bxa5 bxa5 30. Ra7 Nc3 31. Bd2 Ne4 32. Be3 Rb8 33. Rxa5 Rb1+
34. Kh2 Rb2 35. f3 Nc3 36. Bd4 Rc2 37. Ra8+ Kh7 38. Rc8 Rxa2 39. Rxc3 Rd2 40.
Be3 Rd5 41. Kg3 Rb5 42. Rc7 Kg8 43. f4 Rb3 44. Kf2 Rb5 45. Bd4 Rd5 46. Ke3 Rb5
47. g4 Rb3+ 48. Rc3 Rb1 49. f5 exf5 50. gxf5 Re1+ 51. Kf2 Rd1 52. Rc8+ Kh7 53.
Ke3 Rh1 54. Rf8 Rxh3+ 55. Ke4 f6 56. Kd5 Rd3 57. Kc4 Rf3 58. Bxf6 Rxf5 59. Bxg7
1/2-1/2

[Event "3. Memorial Oliver Gonzalez 2012 - B"]
[Site "Madrid ESP"]
[Date "2012.09.04"]
[Round "4.39"]
[White "Cabedo Marquez, Ramon"]
[Black "Tevar Becerra, Alvaro"]
[Result "1/2-1/2"]
[WhiteElo "1751"]
[BlackElo "1559"]
[PlyCount "86"]
[EventDate "2012.09.01"]
[EventType "swiss"]
[EventRounds "9"]
[EventCountry "ESP"]
[Source "lmi"]
[SourceDate "2012.09.01"]

1. e4 e5 2. Nf3 Nc6 3. c4 Nf6 4. d3 h6 5. a3 d6 6. Nc3 Bg4 7. Be2 Be7 8. Be3
O-O 9. h3 Bh5 10. g4 Bg6 11. g5 hxg5 12. Bxg5 Nh7 13. Bxe7 Qxe7 14. Nd5 Qd8 15.
Qd2 Ne7 16. O-O-O Nxd5 17. exd5 Rc8 18. h4 Bh5 19. Rdg1 c6 20. Ng5 Bxe2 21.
Nxh7 Kxh7 22. Qxe2 Qf6 23. Kb1 cxd5 24. cxd5 Rc5 25. Qe4+ Kg8 26. Rg2 Qf4 27.
Rhg1 Qh6 28. Rxg7+ Qxg7 29. Rxg7+ Kxg7 30. d4 exd4 31. Qxd4+ f6 32. b4 Rc7 33.
Qxa7 Rfc8 34. Kb2 Rc2+ 35. Kb3 R8c7 36. Qd4 b5 37. Qd3 Rc1 38. h5 Rg1 39. f4
Kh6 40. f5 Rcg7 41. Qxb5 R1g3+ 42. Kb2 Rg2+ 43. Kb3 R2g3+ 1/2-1/2

[Event "3. Memorial Oliver Gonzalez 2012 - B"]
[Site "Madrid ESP"]
[Date "2012.09.04"]
[Round "4.41"]
[White "Sanchez Gomez, Emiliano"]
[Black "Perez Carballeira, Francisco"]
[Result "0-1"]
[WhiteElo "1933"]
[BlackElo "1585"]
[PlyCount "170"]
[EventDate "2012.09.01"]
[EventType "swiss"]
[EventRounds "9"]
[EventCountry "ESP"]
[Source "lmi"]
[SourceDate "2012.09.01"]

1. e4 c6 2. d4 d5 3. exd5 Qxd5 4. Nc3 Qa5 5. Bd3 Nf6 6. h3 Bf5 7. Nf3 Bxd3 8.
Qxd3 e6 9. O-O Nbd7 10. Bd2 Be7 11. Rfe1 O-O 12. a3 Qc7 13. Ne2 Bd6 14. c4 c5
15. b4 cxd4 16. Nfxd4 Ne5 17. Qb1 Qxc4 18. Rc1 Qd3 19. Qxd3 Nxd3 20. Rc3 Ne5
21. Rac1 Ne4 22. R3c2 Nd3 23. Rf1 Nxd2 24. Rxd2 Nf4 25. Ng3 Nd5 26. Ne4 Be7 27.
Nb3 b6 28. g3 Rac8 29. Rd3 Rc2 30. Nd4 Rc4 31. Nd2 Rc3 32. Rxc3 Nxc3 33. Rc1
Nd5 34. N2b3 Bf6 35. b5 g6 36. a4 Ra8 37. Rc6 a6 38. a5 bxa5 39. b6 Rb8 40.
Nxa5 Nxb6 41. Nf3 Kg7 42. Kg2 Kf8 43. h4 h5 44. Nd2 Bd8 45. Ne4 Rc8 46. Rd6 Bc7
47. Rc6 Ke7 48. Nc5 Bd8 49. Ncb7 Bc7 50. Nc5 Bd6 51. Rxc8 Nxc8 52. Nxa6 Na7 53.
Nb3 Nb5 54. Nac5 Na3 55. Ne4 Nc2 56. Nxd6 Kxd6 57. Kf3 f5 58. Kf4 Ke7 59. Ke5
Ne1 60. Kd4 Kf6 61. Nd2 Nc2+ 62. Kd3 Nb4+ 63. Ke2 Nd5 64. Kd3 e5 65. f3 Ke6 66.
Ke2 Nf6 67. Ke3 Kd5 68. Nb1 e4 69. Nc3+ Ke5 70. f4+ Ke6 71. Kd4 Ng4 72. Nd5 Nh2
73. Ne3 Nf3+ 74. Kc3 Kd6 75. Kc2 Kc5 76. Kc3 Ng1 77. Nf1 Ne2+ 78. Kd2 Nd4 79.
Kc3 Nb5+ 80. Kd2 Kd4 81. Ne3 Na3 82. Nf1 Nc4+ 83. Ke2 e3 84. Nh2 Nd2 85. Kd1
Kd3 0-1

[Event "3. Memorial Oliver Gonzalez 2012 - B"]
[Site "Madrid ESP"]
[Date "2012.09.04"]
[Round "4.42"]
[White "Garcia Serrano, Jose M. Ii"]
[Black "Rottenwoerer, Christoph"]
[Result "1-0"]
[WhiteElo "1896"]
[BlackElo "1599"]
[PlyCount "45"]
[EventDate "2012.09.01"]
[EventType "swiss"]
[EventRounds "9"]
[EventCountry "ESP"]
[Source "lmi"]
[SourceDate "2012.09.01"]

1. e4 c5 2. d4 cxd4 3. c3 dxc3 4. Nxc3 g6 5. Nf3 Bg7 6. Bc4 Nc6 7. O-O Nf6 8.
e5 Ng4 9. Bxf7+ Kxf7 10. Ng5+ Kg8 11. Qxg4 Nxe5 12. Qe2 h6 13. Nh3 Kh7 14. f4
Nc6 15. f5 gxf5 16. Rxf5 Nd4 17. Qh5 Rf8 18. Rg5 Qb6 19. Be3 Kg8 20. Nd5 Qe6
21. Rxg7+ Kxg7 22. Bxd4+ Kg8 23. Nxe7+ 1-0

[Event "3. Memorial Oliver Gonzalez 2012 - B"]
[Site "Madrid ESP"]
[Date "2012.09.04"]
[Round "4.43"]
[White "Leniz Martinez, Francisco"]
[Black "Cavalle Pulla, Juan"]
[Result "1-0"]
[WhiteElo "1834"]
[BlackElo "1571"]
[PlyCount "107"]
[EventDate "2012.09.01"]
[EventType "swiss"]
[EventRounds "9"]
[EventCountry "ESP"]
[Source "lmi"]
[SourceDate "2012.09.01"]

1. e4 e6 2. d3 d5 3. Nd2 Nf6 4. g3 g6 5. Ngf3 Bg7 6. Bg2 O-O 7. O-O Nbd7 8. Re1
Re8 9. e5 Ng4 10. d4 c5 11. c3 f6 12. h3 Nh6 13. Nf1 f5 14. Bg5 Qc7 15. Qd2 Nf7
16. Bf4 b5 17. a3 Rb8 18. Rac1 a5 19. b4 cxb4 20. cxb4 Qa7 21. bxa5 Ra8 22. Re3
Qxa5 23. Rb3 Qxd2 24. Bxd2 Ba6 25. Ba5 Rac8 26. Rbc3 Bh6 27. Rxc8 Rxc8 28.
Rxc8+ Bxc8 29. Ne3 Ng5 30. Nxg5 Bxg5 31. f4 Be7 32. Nc2 g5 33. Bf1 gxf4 34.
gxf4 Nf8 35. Bxb5 Ng6 36. Bd2 Bf8 37. Kf2 h5 38. a4 Bb7 39. a5 Ne7 40. Nb4 Nc8
41. Bd7 Na7 42. Bxe6+ Kg7 43. Nxd5 Bxd5 44. Bxd5 Be7 45. a6 Kf8 46. Ke3 Ke8 47.
Be6 Kd8 48. Ba5+ Ke8 49. Bb6 Nb5 50. a7 Nxa7 51. Bxa7 Ba3 52. Bxf5 Bc1+ 53. Ke4
Ke7 54. d5 1-0

[Event "3. Memorial Oliver Gonzalez 2012 - B"]
[Site "Madrid ESP"]
[Date "2012.09.04"]
[Round "4.44"]
[White "Tolosana Esteban, Enrique"]
[Black "Cortijo Manso, Luis"]
[Result "0-1"]
[WhiteElo "1799"]
[BlackElo "1534"]
[PlyCount "120"]
[EventDate "2012.09.01"]
[EventType "swiss"]
[EventRounds "9"]
[EventCountry "ESP"]
[Source "lmi"]
[SourceDate "2012.09.01"]

1. e4 c5 2. f4 e6 3. Nf3 Nc6 4. Be2 d6 5. O-O Nf6 6. Nc3 Be7 7. a3 O-O 8. d4
cxd4 9. Nxd4 e5 10. Nf3 Ng4 11. Nd5 Nf6 12. Bd3 Bg4 13. h3 Bxf3 14. Qxf3 Rc8
15. Qg3 Re8 16. Nxe7+ Qxe7 17. f5 Nd4 18. Bh6 g6 19. fxg6 hxg6 20. Bg5 Nxe4 21.
Bxe4 Ne2+ 22. Kh2 Nxg3 23. Bxe7 Nxf1+ 24. Rxf1 Rxe7 25. Rd1 Rd8 26. c4 b6 27.
g4 Kg7 28. g5 Rc7 29. Bd5 Re7 30. Re1 f5 31. gxf6+ Kxf6 32. Re4 Rh8 33. Kg3 g5
34. Re2 Rh4 35. Rd2 Rd4 36. Rf2+ Rf4 37. Rd2 Rd4 38. Rf2+ Rf4 39. Re2 e4 40. a4
e3 41. b4 Rf2 42. Rxf2+ exf2 43. Kxf2 Kf5 44. Kf3 Re1 45. Bg8 Ra1 46. Bh7+ Kf6
47. Bc2 Rc1 48. Bd3 Ra1 49. Bc2 Ra3+ 50. Ke4 Rxh3 51. Kd5 Ke7 52. Bf5 Rh4 53.
Bd3 Kd7 54. b5 Kc7 55. Be2 Rf4 56. Bd3 g4 57. Be4 g3 58. Bg2 Rf2 59. a5 Rxg2
60. c5 dxc5 0-1

[Event "3. Memorial Oliver Gonzalez 2012 - B"]
[Site "Madrid ESP"]
[Date "2012.09.04"]
[Round "4.45"]
[White "Jarne Anguita, Miguel"]
[Black "Rodriguez Varela, Alvaro"]
[Result "0-1"]
[WhiteElo "1367"]
[BlackElo "1752"]
[PlyCount "72"]
[EventDate "2012.09.01"]
[EventType "swiss"]
[EventRounds "9"]
[EventCountry "ESP"]
[Source "lmi"]
[SourceDate "2012.09.01"]

1. d4 e5 2. dxe5 Nc6 3. Nf3 Qe7 4. e3 Nxe5 5. Nbd2 d5 6. Be2 Nf6 7. O-O Bg4 8.
b3 Nxf3+ 9. Bxf3 Bf5 10. Bb2 c6 11. c4 dxc4 12. Nxc4 Rd8 13. Qe2 Bd3 14. Qe1
Bxf1 15. Kxf1 Qe6 16. Qa5 a6 17. Ne5 Bd6 18. Rd1 O-O 19. Be2 Be7 20. Rxd8 Rxd8
21. Bc4 Qd6 22. Bxf7+ Kf8 23. Qe1 Qd2 24. Qxd2 Rxd2 25. Nc4 Rxb2 26. Nxb2 Kxf7
27. Ke2 Nd5 28. Nc4 Nc3+ 29. Kd3 Nxa2 30. Ne5+ Ke6 31. Kd4 Bf6 32. f4 b6 33.
Ke4 Bxe5 34. fxe5 Nc1 35. b4 Na2 36. Kd4 Nxb4 0-1

[Event "3. Memorial Oliver Gonzalez 2012 - B"]
[Site "Madrid ESP"]
[Date "2012.09.04"]
[Round "4.46"]
[White "Casado Izquierdo, David"]
[Black "Serrano Leiva, Ana"]
[Result "0-1"]
[WhiteElo "1730"]
[BlackElo "1539"]
[PlyCount "66"]
[EventDate "2012.09.01"]
[EventType "swiss"]
[EventRounds "9"]
[EventCountry "ESP"]
[Source "lmi"]
[SourceDate "2012.09.01"]

1. e4 c5 2. Nf3 Nc6 3. d4 cxd4 4. Nxd4 e5 5. Nb5 d6 6. Be3 Nf6 7. N1c3 a6 8.
Na3 b5 9. Nd5 Nxd5 10. Qxd5 Qc7 11. Be2 Be7 12. O-O Be6 13. Qd2 O-O 14. c4 b4
15. Nc2 a5 16. f4 f5 17. exf5 Bxf5 18. Qd5+ Kh8 19. Ne1 Rae8 20. g4 exf4 21.
Bxf4 Bg6 22. c5 Bf6 23. Bd3 Bf7 24. Qf3 Bd4+ 25. Kg2 Ne5 26. Qh3 Nxd3 27. Nxd3
Qc6+ 28. Kg3 dxc5 29. Rae1 Qa6 30. Kh4 Bc4 31. Rd1 Bxa2 32. Nf2 Rxf4 33. Qg3
Qh6# 0-1

[Event "3. Memorial Oliver Gonzalez 2012 - B"]
[Site "Madrid ESP"]
[Date "2012.09.04"]
[Round "4.48"]
[White "Garcia Lopez, Fernando"]
[Black "Mateos Cordero, Francisco"]
[Result "1-0"]
[WhiteElo "1678"]
[BlackElo "1506"]
[PlyCount "105"]
[EventDate "2012.09.01"]
[EventType "swiss"]
[EventRounds "9"]
[EventCountry "ESP"]
[Source "lmi"]
[SourceDate "2012.09.01"]

1. e4 c5 2. Nf3 d6 3. d4 cxd4 4. Nxd4 Nf6 5. Nc3 a6 6. Bg5 e6 7. f4 h6 8. Bh4
Be7 9. Qf3 Qc7 10. O-O-O Nbd7 11. g4 e5 12. Nf5 Bf8 13. g5 hxg5 14. Bxg5 g6 15.
Ne3 exf4 16. Bxf4 Nb6 17. Bg5 Be7 18. Bxf6 Bxf6 19. Qxf6 Rh5 20. Qxd6 Rc5 21.
Qxc7 Rxc7 22. Ned5 Nxd5 23. Nxd5 Rc6 24. Bg2 Be6 25. Nf6+ Ke7 26. e5 Rc5 27.
Nd5+ Kf8 28. b4 Bxd5 29. Rxd5 Rc4 30. a3 Rac8 31. Rd2 R8c7 32. Rhd1 Ke7 33. Rf1
Rc3 34. Kb2 Re3 35. Bd5 Kf8 36. e6 f5 37. c4 b6 38. Rc1 Ke7 39. Rc3 Re1 40. c5
b5 41. Bb3 Rg1 42. Rg3 Rxg3 43. hxg3 Ke8 44. Rh2 Rg7 45. Rh8+ Ke7 46. Rh2 g5
47. Rd2 Ke8 48. c6 Rc7 49. Rd6 f4 50. gxf4 gxf4 51. Bd1 Rh7 52. Bf3 Rh2+ 53.
Kc1 1-0

[Event "3. Memorial Oliver Gonzalez 2012 - B"]
[Site "Madrid ESP"]
[Date "2012.09.04"]
[Round "4.49"]
[White "Romero Jaime, Pedro"]
[Black "Nuñez Barranco, Lucia"]
[Result "1-0"]
[WhiteElo "1665"]
[BlackElo "1472"]
[PlyCount "73"]
[EventDate "2012.09.01"]
[EventType "swiss"]
[EventRounds "9"]
[EventCountry "ESP"]
[Source "lmi"]
[SourceDate "2012.09.01"]

1. c4 e5 2. Nc3 Nf6 3. Nf3 Nc6 4. g3 Bc5 5. Bg2 O-O 6. O-O d5 7. cxd5 Nxd5 8.
Nxd5 Qxd5 9. d3 Re8 10. Ng5 Qd7 11. Ne4 Bd6 12. a3 b6 13. Bg5 Qe6 14. Rc1 Bb7
15. Nc3 Qg4 16. Bd2 Nd8 17. Nd5 e4 18. Qa4 Bc6 19. Rxc6 Nxc6 20. Qxc6 Qxe2 21.
Qc1 Qxd3 22. Ne3 Rad8 23. Rd1 Bc5 24. Bf1 Qd6 25. Nf5 Qf6 26. Ne3 Bxe3 27. fxe3
Rd7 28. Bb5 Red8 29. Bxd7 Rxd7 30. Bc3 Qe7 31. Rxd7 Qxd7 32. b4 h6 33. Qc2 Qf5
34. Qd2 Qf3 35. b5 g5 36. Qd4 Kf8 37. Qd8# 1-0

[Event "3. Memorial Oliver Gonzalez 2012 - B"]
[Site "Madrid ESP"]
[Date "2012.09.04"]
[Round "4.56"]
[White "Anton Quevedo, Andrea"]
[Black "Benitez Cadenas, Luis Miguel"]
[Result "0-1"]
[WhiteElo "1416"]
[BlackElo "1700"]
[PlyCount "64"]
[EventDate "2012.09.01"]
[EventType "swiss"]
[EventRounds "9"]
[EventCountry "ESP"]
[Source "lmi"]
[SourceDate "2012.09.01"]

1. e4 e6 2. d4 d5 3. e5 c5 4. c3 Nc6 5. Nf3 Qb6 6. a3 Nh6 7. Bd3 cxd4 8. Nxd4
Nxe5 9. Bb5+ Bd7 10. Bxd7+ Nxd7 11. b4 g6 12. O-O Bg7 13. Be3 Qd8 14. Re1 O-O
15. Nd2 Nb6 16. N2f3 Rc8 17. Qd2 Nc4 18. Qc1 Nxe3 19. Rxe3 Ng4 20. Rd3 e5 21.
h3 Nh6 22. Nxe5 Bxe5 23. Qxh6 Qc7 24. Nb5 Qc4 25. Rd4 Qxb5 26. Rh4 Rfe8 27. Re1
Bf6 28. Qxh7+ Kf8 29. Qh6+ Bg7 30. Rxe8+ Rxe8 31. Qf4 Re1+ 32. Kh2 Be5 0-1

[Event "3. Memorial Oliver Gonzalez 2012 - B"]
[Site "Madrid ESP"]
[Date "2012.09.04"]
[Round "4.57"]
[White "Siu Burillo, Joaquin"]
[Black "Barria Arbunic, Manuel"]
[Result "1/2-1/2"]
[WhiteElo "1368"]
[BlackElo "1470"]
[PlyCount "95"]
[EventDate "2012.09.01"]
[EventType "swiss"]
[EventRounds "9"]
[EventCountry "ESP"]
[Source "lmi"]
[SourceDate "2012.09.01"]

1. d4 Nf6 2. Bf4 e6 3. e3 c5 4. c3 cxd4 5. exd4 a6 6. Nd2 d6 7. Ngf3 Be7 8. Bd3
O-O 9. O-O b5 10. Qc2 Re8 11. Ne4 g6 12. Nxf6+ Bxf6 13. Rfe1 Bb7 14. Be4 d5 15.
Bd3 Nd7 16. Qb3 Qb6 17. Ne5 Nxe5 18. Bxe5 Bxe5 19. Rxe5 Bc6 20. h4 a5 21. Qd1
b4 22. Qd2 bxc3 23. bxc3 Rab8 24. Re2 Bb5 25. Rb1 Qa6 26. Bxb5 Rxb5 27. Rxb5
Qxb5 28. Qb2 Rb8 29. Qxb5 Rxb5 30. f3 Kf8 31. Kf2 Ke7 32. Ke3 Kd6 33. Rc2 Rb1
34. Kf2 Rh1 35. Kg3 Rb1 36. Kf2 h6 37. Ke3 Rh1 38. g3 Rh3 39. Rg2 Rh1 40. Kd2
Rf1 41. Ke2 Rb1 42. Kd3 a4 43. Kc2 Rb6 44. Rg1 Kc6 45. Rg2 a3 46. Kd3 Kb5 47.
Rc2 Rc6 48. Rc1 1/2-1/2

[Event "3. Memorial Oliver Gonzalez 2012 - B"]
[Site "Madrid ESP"]
[Date "2012.09.05"]
[Round "5.1"]
[White "Noval Toldos, Francisco Javier"]
[Black "Fernandez Gil, Ruben Carlos"]
[Result "0-1"]
[WhiteElo "1956"]
[BlackElo "1891"]
[PlyCount "80"]
[EventDate "2012.09.01"]
[EventType "swiss"]
[EventRounds "9"]
[EventCountry "ESP"]
[Source "lmi"]
[SourceDate "2012.09.01"]

1. d4 Nf6 2. c4 e6 3. Nf3 c5 4. d5 d6 5. Nc3 exd5 6. cxd5 g6 7. e4 a6 8. a4 Bg4
9. h3 Bxf3 10. Qxf3 Bg7 11. Bd3 Nbd7 12. Bf4 Qe7 13. Bc2 Ne5 14. Qe2 O-O 15.
O-O Rab8 16. Bh2 g5 17. f4 gxf4 18. Bxf4 Ng6 19. Bg5 h6 20. Be3 Nd7 21. Qh5 Kh7
22. Rf5 Nf6 23. Bg5 Nxh5 24. Bxe7 Nxe7 25. Rxh5 Ng6 26. Ra2 b5 27. axb5 axb5
28. Ra6 Be5 29. Ra7 b4 30. Na4 c4 31. Rc7 b3 32. Bd1 Rb4 33. Rxe5 Nxe5 34. Nc3
Nd3 35. Bh5 Nxb2 36. e5 Na4 37. Bxf7 Nxc3 38. Bh5+ Kg8 39. e6 Nxd5 40. Bf7+
Rxf7 0-1

[Event "3. Memorial Oliver Gonzalez 2012 - B"]
[Site "Madrid ESP"]
[Date "2012.09.05"]
[Round "5.2"]
[White "Sacristan Latorre, Alberto"]
[Black "Lopez De Turiso, Jose Angel"]
[Result "1/2-1/2"]
[WhiteElo "2041"]
[BlackElo "2046"]
[PlyCount "132"]
[EventDate "2012.09.01"]
[EventType "swiss"]
[EventRounds "9"]
[EventCountry "ESP"]
[Source "lmi"]
[SourceDate "2012.09.01"]

1. e4 c5 2. Nf3 Nc6 3. d4 cxd4 4. Nxd4 e5 5. Nb5 a6 6. Nd6+ Bxd6 7. Qxd6 Qf6 8.
Qd1 Qg6 9. f3 d5 10. Qxd5 Be6 11. Qd2 f6 12. Nc3 Rd8 13. Qf2 Nge7 14. a3 O-O
15. Bd3 Nd4 16. Be3 Qf7 17. O-O b5 18. f4 Qe8 19. fxe5 fxe5 20. Qxf8+ Qxf8 21.
Rxf8+ Kxf8 22. Ne2 Nxe2+ 23. Bxe2 Bc8 24. Rd1 Rxd1+ 25. Bxd1 Bb7 26. Bf3 Ng8
27. Kf2 Nf6 28. Bc5+ Kf7 29. Ke3 Ke6 30. Bf8 Kf7 31. Bb4 Ke6 32. g4 h6 33. h4
g5 34. hxg5 hxg5 35. Kd3 Bc6 36. Ba5 Kd7 37. Bd2 Nh7 38. Kc3 Nf6 39. Kd3 Nh7
40. c4 Kd6 41. Be3 Kd7 42. b3 Kd6 43. Kc3 Nf6 44. cxb5 axb5 45. Kb4 Nxe4 46.
Bxe4 Bxe4 47. Kxb5 Bf3 48. Kb6 Bxg4 49. Bxg5 Bd1 50. b4 Ba4 51. Ka5 Be8 52. Be3
Kc7 53. a4 Kb7 54. b5 Bh5 55. Kb4 Be2 56. Kc5 e4 57. Kd4 Bd3 58. Kd5 Kc7 59.
Kc5 Kb7 60. Kd6 Bf1 61. Kd5 Bd3 62. Bf4 Kb6 63. Be3+ Kb7 64. Kc5 Bf1 65. Bd4
Be2 66. b6 Bf1 1/2-1/2